Movies Quiz

Random Movies or Disney Quiz
Score 0/56 Timer 10:00
0 Plays Today
Film and Year Characters % Correct
Brother Bear (2003)Kenai
89.6%
The Princess and the Frog (2009)Tiana
89.1%
Brother Bear (2003)Koda
88.6%
The Princess and the Frog (2009)Naveen
87.1%
Brother Bear (2003)Rutt
82.1%
Brother Bear (2003)Tuke
82.1%
The Princess and the Frog (2009)Louis
81.1%
Brother Bear (2003)Denahi
80.1%
Home on the Range (2004)Maggie
80.1%
The Princess and the Frog (2009)Charlotte
80.1%
The Princess and the Frog (2009)Ray
79.6%
Brother Bear (2003)Sitka
76.6%
The Princess and the Frog (2009)Doctor Facilier
75.6%
The Princess and the Frog (2009)Mama Odie
75.1%
The Princess and the Frog (2009)Big Daddy
74.1%
Home on the Range (2004)Alameda Slim
73.1%
The Princess and the Frog (2009)Lawrence
71.6%
Home on the Range (2004)Mrs Calloway
70.1%
Home on the Range (2004)Grace
70.1%
The Princess and the Frog (2009)Evangeline
70.1%
The Princess and the Frog (2009)James
69.2%
Home on the Range (2004)Buck
68.7%
The Princess and the Frog (2009)Eudora
68.2%
Home on the Range (2004)Lucky Jack
66.7%
Brother Bear (2003)Tug
65.7%
Home on the Range (2004)Rico
64.2%
Home on the Range (2004)Jeb
63.7%
Home on the Range (2004)Pearl
63.2%
Film and Year Characters % Correct
The Princess and the Frog (2009)Stella
63.2%
The Princess and the Frog (2009)Maldonia
63.2%
Brother Bear (2003)Tanana
62.2%
Brother Bear (2003)Chipmunks
61.2%
The Princess and the Frog (2009)Juju
60.2%
The Princess and the Frog (2009)Two Fingers
58.2%
Home on the Range (2004)Audrey
56.7%
Home on the Range (2004)Rusty
56.7%
Home on the Range (2004)Junior
56.7%
Home on the Range (2004)Wesley
55.7%
The Princess and the Frog (2009)Darnell
53.2%
Home on the Range (2004)Larry
52.2%
The Princess and the Frog (2009)Reggie
51.7%
Brother Bear (2003)Ram
51.2%
Home on the Range (2004)The Chicks
51.2%
Home on the Range (2004)Bill
50.7%
Home on the Range (2004)Gill
49.3%
Home on the Range (2004)Ollie
48.8%
Home on the Range (2004)Phil
48.8%
Home on the Range (2004)Bob
48.3%
Home on the Range (2004)Barry
47.3%
The Princess and the Frog (2009)The Fenner Brothers
47.3%
The Princess and the Frog (2009)Ian
46.8%
Home on the Range (2004)Sam Brown
45.3%
Home on the Range (2004)Piggies
44.3%
The Princess and the Frog (2009)Marlon
40.3%
The Princess and the Frog (2009)Ralphie
38.8%
The Princess and the Frog (2009)Georgia
35.8%
Remove Ads.
Support Sporcle.
Get the best of Sporcle when you Go Orange. This ad-free experience offers more features, more stats, and more fun while also helping to support Sporcle. Thank you for becoming a member.

You're not logged in!

Compare scores with friends on all Sporcle quizzes.
OR
Log In

Show Comments

Extras

Top Quizzes Today


Score Distribution

Your Account Isn't Verified!

In order to create a playlist on Sporcle, you need to verify the email address you used during registration. Go to your Sporcle Settings to finish the process.

Report this User

Report this user for behavior that violates our Community Guidelines.

Details: